000 00548nam a2200169 4500
008 160625b xxu||||| |||| 00| 0 eng d
020 _a978-0-07-148860-0
082 _22008
_aDC 005.133
_bSch3h
100 _910522
_aSchildt, Herbert
245 _aHerb Schildt's C++ programming cookbook/
_cHerb Schildt.
260 _aNew York:
_bMcGraw-Hill,
_cc2008.
300 _axviii, 509 pages:
_cillustrations;
_b24 cm.
500 _aIncludes index.
650 0 _910523
_aC++ (Computer program language)
365 _aPhp
_b4, 150.00
942 _2ddc
_cDC
999 _c3150
_d3150